[Event "Gorgan Fajr Cup"]
[Site "Gorgan"]
[Date "2015.01.29"]
[Round "2"]
[White "Roohi, Abdolmajid"]
[Black "Okhli, Ahmad"]
[Result "1-0"]
[WhiteElo "2133"]
[BlackElo "1618"]
[PlyCount "59"]
[EventDate "2015.01.28"]
[EventType "swiss"]
[EventRounds "9"]
[EventCountry "IRI"]
[SourceTitle "EXT 2016"]
[Source "ChessBase"]
[SourceDate "2015.10.08"]
[SourceVersion "1"]
[SourceVersionDate "2015.10.08"]
[SourceQuality "1"]

1. d4 Nf6 2. c4 g6 3. Nf3 Bg7 4. Nc3 d6 5. e4 Nbd7 6. Be2 0-0 7. 0-0 c5 8. Rb1 a5 9. b3 Nh5 10. Be3 f5 11. exf5 gxf5 12. Ng5 Nhf6 13. Ne6 Qb6 14. Na4 Qa7 15. Nxf8 Bxf8 16. f4 e6 17. Rf3 b6 18. Rg3+ Kh8 19. Bf3 Bb7 20. d5 e5 21. Rg5 e4 22. Bh5 b5 23. Nc3 b4 24. Nb5 Qb6 25. Bf7 Bc8 26. Bc1 Bg7 27. Bb2 Qd8 28. Nxd6 Ra6 29. Nxf5 Bf8 30. Rg8# 1-0